प्राचीन योगविद्या (Record no. 132960)

MARC details
000 -LEADER
fixed length control field 00554nam a2200181Ia 4500
008 - FIXED-LENGTH DATA ELEMENTS--GENERAL INFORMATION
fixed length control field 090124s9999 xx 000 0 und d
082 ## - DEWEY DECIMAL CLASSIFICATION NUMBER
Item number 19019
Classification number 1171
100 ## - MAIN ENTRY--PERSONAL NAME
Personal name वेलणकर शरद
245 ## - TITLE STATEMENT
Title प्राचीन योगविद्या
250 ## - EDITION STATEMENT
Edition statement 1
260 ## - PUBLICATION, DISTRIBUTION, ETC. (IMPRINT)
Date of publication, distribution, etc 1974
300 ## - PHYSICAL DESCRIPTION
Extent 110
600 ## - SUBJECT ADDED ENTRY--PERSONAL NAME
Personal name वेलणकर शरद
630 ## - SUBJECT ADDED ENTRY--UNIFORM TITLE
Uniform title प्राचीन योगविद्या
700 ## - ADDED ENTRY--PERSONAL NAME
Personal name वेलणकर शरद
730 ## - ADDED ENTRY--UNIFORM TITLE
Uniform title प्राचीन योगविद्या
942 ## - ADDED ENTRY ELEMENTS (KOHA)
Koha item type Book
Holdings
Withdrawn status Lost status Damaged status Not for loan Home library Current library Date acquired Cost, normal purchase price Total Checkouts Full call number Barcode Date last seen Cost, replacement price Price effective from Koha item type
        Marathi Granth Sangrahalaya,Thane Marathi Granth Sangrahalaya,Thane   5.00   19019 THNMGS-19019 01/24/2009 5.00 01/24/2009 Book